00411 2200157 4500001002100000005001500021008004100036020002200077035001900099041000700118082001100125090001700136100003300153245003600186260003100222INLIS00000000002117420241224131010241224||||||||| | ||| |||| || |  a978-602-18826-6-5 0010-1224021174 aid0 a370.15 a370.15 HAB c0 aHabiburrahman El Shirazy dkk00aCatatan Motivasi Seorang Santri aJakartabkangabikcomc2013